000 00405nam a22001457a 4500
005 20200523131533.0
008 200523b xxu||||| |||| 00| 0 eng d
082 _a340
110 _aThe All India Reporter Ltd.
_95739
245 _aThe All India Reporter 1962 (VOL-49) ALLAHABAD Section
260 _aBOMBAY
_bThe All India Reporter LtD.
_c1962
300 _a528p.
650 _aLAW
_95701
942 _cJRL
999 _c6446
_d6444